The Beck handbook of printed cachets, February, 1962 to October, 1975 (Record no. 1996)

000 -LEADER
fixed length control field 00489nam a22000977a 4500
008 - FIXED-LENGTH DATA ELEMENTS--GENERAL INFORMATION
fixed length control field 160509b xxu||||| |||| 00| 0 eng d
100 ## - MAIN ENTRY--AUTHOR'S NAME
Author's Name Winick, Lester E.
245 ## - TITLE STATEMENT
Title The Beck handbook of printed cachets, February, 1962 to October, 1975
260 ## - PUBLICATION, DISTRIBUTION, ETC. (IMPRINT)
Date of publication, distribution, etc. 1995
650 ## - TOPICAL TERM (Tag)
Topical term or geographic name United States | Cachets | Beck, Morris | Artists and Designers Covers | Topical Collecting | Space | Rockets and Space | United States. Navy | Maritime Mail | Military Mail | 1962-1975 20th Century | Catalogs and Price Lists
Holdings
Withdrawn status Lost status Source of classification or shelving scheme Damaged status Koha normalized classification for sorting Not for loan Permanent Location Current Location Date acquired Total Checkouts Full call number Barcode Date last seen Price effective from Koha item type
        G3701 T674 W772   Northern Philatelic Library Northern Philatelic Library 05/09/2016   G3701 T674 W772 1002320 05/09/2016 05/09/2016 Books

Powered by Koha